[Event "ROM-ch U10 Girls"]
[Site "Baile Felix"]
[Date "2017.02.05"]
[Round "5"]
[White "Ipate, Ioana Maria"]
[Black "Toculet, Erika Andreea"]
[Result "0-1"]
[WhiteElo "1001"]
[BlackElo "1024"]
[PlyCount "64"]
[EventDate "2017.02.02"]
[EventType "swiss"]
[EventRounds "9"]
[EventCountry "ROU"]
[SourceTitle "CBM 176 Extra"]
[Source "ChessBase"]
[SourceDate "2017.03.02"]
[SourceVersion "1"]
[SourceVersionDate "2017.03.02"]
[SourceQuality "1"]

1. d4 Nf6 2. c4 d5 3. Nc3 dxc4 4. Bg5 Nc6 5. e3 e6 6. Bxc4 h6 7. Bh4 g5 8. Bg3 Bb4 9. Nge2 Ne4 10. Bd3 Nxc3 11. bxc3 Bd6 12. f4 gxf4 13. exf4 Bd7 14. 0-0 Qf6 15. Qb3 0-0-0 16. Rab1 b6 17. Ba6+ Kb8 18. Rfd1 Rhg8 19. c4 Na5 20. Qb2 c5 21. dxc5 Qxb2 22. Rxb2 Bxc5+ 23. Kh1 Bc8 24. Rxd8 Rxd8 25. Rb1 Bxa6 26. f5+ Kc8 27. fxe6 fxe6 28. Re1 Bxc4 29. Nf4 Nc6 30. Nxe6 Bxe6 31. Bh4 Rd2 32. h3 Bxa2 0-1